Введение в современную кинетическую теорию: курс лекций

Sonraí bibleagrafaíochta
Príomhchruthaitheoir: Зайцев Р. О. Рогдай Олегович
Achoimre:Настоящая книга представляет собой курс лекций по введению в современную кинетическую теорию. Первые шесть лекций содержат сжатое изложение материала, который обычно изучают в университетских курсах, куда входит рассмотрение явлений, описываемых кинетическими уравнениями для идеальных ферми- и бозе-газов. Остальные девять лекций посвящены изучению неидеальных систем. Рассмотрение ведется на основе метода двухкомпонентных функций Грина, с помощью которого исследуются неравновесные свойства диэлектриков, металлов и сверхпроводников. Получены нестационарные уравнения Гинзбурга—Ландау; рассмотрена теория стационарных туннельных явлений, а также нестационарного эффекта Джозефсона. Динамические явления вблизи критической точки и точки фазовых переходов II рода изучаются на основе паркетных уравнений и метода ренорм-группы в пространстве размерности d = (4 - е). Уравнения ренорм-группы используются для получения температурной зависимости показа­теля а в спектре l/f -шумов. Книга предназначена для научных работников, аспирантов и студентов, специализирующихся в области физики твердого тела.
Teanga:Rúisis
Foilsithe / Cruthaithe: Москва, КомКнига, 2011
Eagrán:2-е изд.
Ábhair:
Formáid: LEABHAR
KOHA link:https://koha.lib.tpu.ru/cgi-bin/koha/opac-detail.pl?biblionumber=209241

MARC

LEADER 00000nam0a2200000 4500
001 209241
005 20231101225526.0
010 |a 9785484012848 
035 |a (RuTPU)RU\TPU\book\228564 
090 |a 209241 
100 |a 20120210d2011 m y0rusy50 ca 
101 0 |a rus 
102 |a RU 
105 |a y j 001zy 
200 1 |a Введение в современную кинетическую теорию  |e курс лекций  |f Р. О. Зайцев 
205 |a 2-е изд. 
210 |a Москва  |c КомКнига  |d 2011 
215 |a 480 с. 
320 |a Библиогр.: с. 475-480. 
330 |a Настоящая книга представляет собой курс лекций по введению в современную кинетическую теорию. Первые шесть лекций содержат сжатое изложение материала, который обычно изучают в университетских курсах, куда входит рассмотрение явлений, описываемых кинетическими уравнениями для идеальных ферми- и бозе-газов. Остальные девять лекций посвящены изучению неидеальных систем. Рассмотрение ведется на основе метода двухкомпонентных функций Грина, с помощью которого исследуются неравновесные свойства диэлектриков, металлов и сверхпроводников. Получены нестационарные уравнения Гинзбурга—Ландау; рассмотрена теория стационарных туннельных явлений, а также нестационарного эффекта Джозефсона. Динамические явления вблизи критической точки и точки фазовых переходов II рода изучаются на основе паркетных уравнений и метода ренорм-группы в пространстве размерности d = (4 - е). Уравнения ренорм-группы используются для получения температурной зависимости показа­теля а в спектре l/f -шумов. Книга предназначена для научных работников, аспирантов и студентов, специализирующихся в области физики твердого тела. 
606 1 |a Кинетика  |x (физика)  |2 stltpush  |3 (RuTPU)RU\TPU\subj\66336  |9 82516 
610 1 |a учебные пособия 
610 1 |a лекции 
610 1 |a кинетическая теория 
610 1 |a теория Больцмана 
610 1 |a теория Энского 
610 1 |a кинетические уравнения 
610 1 |a электроны 
610 1 |a металлы 
610 1 |a фононы 
610 1 |a теория возмущений 
610 1 |a эффект Джозефсона 
610 1 |a квантовые кинетические явления 
610 1 |a электрические цепи 
610 1 |a шумы 
610 1 |a ферми-жидкость 
610 1 |a сверхпроводники 
610 1 |a диэлектрики 
675 |a 531.3(07)  |v 3 
700 1 |a Зайцев  |b Р. О.  |g Рогдай Олегович 
801 1 |a RU  |b 63413507  |c 20120210 
801 2 |a RU  |b 63413507  |c 20120412  |g RCR 
942 |c BK 
959 |a 22/20120210  |d 1  |e 398,97  |f ЧЗТЛ:1